000
00304nam a2200133Ia 4500
008
221030s9999 xx 000 0 und d
041
_a
English
082
_a
105.23
100
_a
S. B. Patel
245
0
_a
Nuclear Physics - An Introduction
_c
by S. B. Patel
260
_c
0
650
_a
B
942
_c
BK
999
_c
12350
_d
12350